BIBLIOTECA

SENCICO

Gio Ponti (Registro nro. 2593)

Detalles MARC
000 -LEADER
fixed length control field 00677nam a2200205Ia 4500
005 - DATE AND TIME OF LATEST TRANSACTION
control field 20251020182547.0
008 - FIXED-LENGTH DATA ELEMENTS--GENERAL INFORMATION
fixed length control field 200515s9999 xx 000 0 und d
082 ## - DEWEY DECIMAL CLASSIFICATION NUMBER
Classification number 747:749.9/R72P
100 ## - MAIN ENTRY--PERSONAL NAME
Personal name Roccella, Graziella
245 #0 - TITLE STATEMENT
Title Gio Ponti
260 ## - PUBLICATION, DISTRIBUTION, ETC.
Place of publication, distribution, etc. Berlìn
260 ## - PUBLICATION, DISTRIBUTION, ETC.
Name of publisher, distributor, etc. Taschen
260 ## - PUBLICATION, DISTRIBUTION, ETC.
Date of publication, distribution, etc. 2009
300 ## - PHYSICAL DESCRIPTION
Extent 96 p.
520 ## - SUMMARY, ETC.
Summary, etc. Gio Ponti era la quintaesencia del homo ludens. dibujaba y proyectaba de manera infatigable hasta bien entrada la noche, durante viajes en tren, en avión e incluso en el auto. este libros trata de su obra arquitectónica a través de de la historia
650 ## - SUBJECT ADDED ENTRY--TOPICAL TERM
Topical term or geographic name entry element ARQUITECTOS
650 ## - SUBJECT ADDED ENTRY--TOPICAL TERM
Topical term or geographic name entry element PONTI
942 ## - ADDED ENTRY ELEMENTS (KOHA)
Koha item type Libros
Existencias
Fecha de la última vez que lo usaron Pago total Signatura topográfica completa Código de barras Precio efectivo desde Tipo de documento Estado perdido Estado dañado No es para préstamo Retirado Ubicación permanente Ubicación actual Fecha de adquisición
15/05/2020   747:749.9/R72P Bib-Lima15052593 15/05/2020 Libros         Biblioteca Central Lima Biblioteca Central Lima 15/05/2020